Elden Ring DLC Gameplay Trailer Script - Statistics

General Stats
  • This quiz has been taken 126 times
  • The average score is 62 of 116
Answer Stats
Answer % Correct
the
90%
The
90%
a
87%
I
87%
of
77%
Miquella
73%
In
69%
in
69%
you,
69%
be
67%
shadow.
63%
on
60%
and
58%
is
58%
to
58%
we
58%
Kind
56%
Mother,
56%
so
56%
all
54%
are
54%
flame.
54%
thou
54%
will
54%
Gold
52%
he
52%
meet
52%
not
52%
realm
52%
They
52%
death.
50%
embrace
50%
Grace
50%
light?
50%
Lordship
50%
Messmer's
50%
truly
50%
bereft
48%
one
48%
shall
48%
war.
48%
wouldst
48%
arm,
46%
far
46%
just
46%
Just
46%
losing
46%
sanction,
46%
were
46%
what
46%
again.
44%
blood
44%
Erdtree
44%
side
44%
There
44%
Those
44%
Touch
44%
here.
42%
May
42%
that
42%
know.
40%
must
40%
stripped
40%
travel
40%
withered
40%
behind.
38%
Come,
38%
doing
38%
happened
38%
men.
38%
more
38%
never
38%
now.
38%
saints.
38%
spill.
38%
too,
38%
nothing
37%
terrifying.
37%
your
37%
clean
35%
hearts
35%
place,
35%
fellows,
33%
keen
33%
radiant,
33%
faithful.
31%
forsaken
31%
love
31%
presume
29%
shrive
29%
wields
29%
Pure
27%
No matching quizzes found
Score Distribution
Percent of People with Each Score
Percentile by Number Answered
Your Score History
You have not taken this quiz